| 000 | 00366nam a2200109Ia 4500 | ||
|---|---|---|---|
| 008 | 171204s9999 xx 000 0 und d | ||
| 245 | 4 | _aThe Social History of Crime and Punishment in America: An Encyclopedia (5 Volume Set): | |
| 245 | _cWilbur Miller | ||
| 260 | _c2012 | ||
| 650 | _xPolitics and Sociology | ||
| 856 | _uhttp://down.ebook777.com/064/9781412988766.pdf | ||
| 999 |
_c345596 _d345596 |
||